000 00621cam a2200217 4500500
005 20260405003307.0
041 _afre
042 _adc
245 0 0 _aComment ne pas être esclave du système ?
260 _c2021.
500 _a1
690 _aAlexandre Lacroix
690 _aCalcul
690 _aIdéalisme
690 _aModernité
690 _aSystème
690 _aUtilitarisme
690 _aUtilité
786 0 _nPhilosophie magazine | 149 | 5 | 2021-05-01 | p. 94-94 | 1951-1787
856 4 1 _uhttps://shs.cairn.info/magazine-philosophie-magazine-2021-5-page-94?lang=fr&redirect-ssocas=7080
999 _c2066209
_d2066209